<?xml version="1.0" encoding="UTF-8"?>
<record
    xmlns:xsi="http://www.w3.org/2001/XMLSchema-instance"
    xsi:schemaLocation="http://www.loc.gov/MARC21/slim http://www.loc.gov/standards/marcxml/schema/MARC21slim.xsd"
    xmlns="http://www.loc.gov/MARC21/slim">

  <leader>01808nam a22003257a 4500</leader>
  <controlfield tag="003">OSt</controlfield>
  <controlfield tag="005">20251113170212.0</controlfield>
  <controlfield tag="008">251113b           ||||| |||| 00| 0 spa d</controlfield>
  <datafield tag="020" ind1=" " ind2=" ">
    <subfield code="a">9786287589582</subfield>
  </datafield>
  <datafield tag="040" ind1=" " ind2=" ">
    <subfield code="c">CO-Mq BPB</subfield>
  </datafield>
  <datafield tag="041" ind1="1" ind2=" ">
    <subfield code="a">spa</subfield>
    <subfield code="h">eng</subfield>
  </datafield>
  <datafield tag="082" ind1="0" ind2="4">
    <subfield code="a">581</subfield>
    <subfield code="b">H17p</subfield>
  </datafield>
  <datafield tag="100" ind1=" " ind2=" ">
    <subfield code="a">Harris, Stephen</subfield>
    <subfield code="d">1966-</subfield>
    <subfield code="e">aut</subfield>
    <subfield code="9">292027</subfield>
  </datafield>
  <datafield tag="245" ind1="1" ind2="0">
    <subfield code="a">Plantas legendarias /</subfield>
    <subfield code="c">Stephen Harris ; traducci&#xF3;n Juan Fernando Hincapie :50 plantas que cambiaron el mundo.</subfield>
  </datafield>
  <datafield tag="250" ind1=" " ind2=" ">
    <subfield code="a">Edici&#xF3;n especial</subfield>
  </datafield>
  <datafield tag="264" ind1=" " ind2="1">
    <subfield code="a">Bogot&#xE1;, Colombia :</subfield>
    <subfield code="b">Rey Naranjo,</subfield>
    <subfield code="c">2025</subfield>
  </datafield>
  <datafield tag="300" ind1=" " ind2=" ">
    <subfield code="a">368 p&#xE1;ginas :</subfield>
    <subfield code="b">ilustraciones en blanco y negro, tapa rustica;</subfield>
    <subfield code="c">23 cm</subfield>
  </datafield>
  <datafield tag="336" ind1=" " ind2=" ">
    <subfield code="a">texto</subfield>
    <subfield code="b">txt</subfield>
    <subfield code="2">rdacontent</subfield>
  </datafield>
  <datafield tag="337" ind1=" " ind2=" ">
    <subfield code="a">sin mediaci&#xF3;n</subfield>
    <subfield code="b">n</subfield>
    <subfield code="2">rdamedia</subfield>
  </datafield>
  <datafield tag="338" ind1=" " ind2=" ">
    <subfield code="a">volumen</subfield>
    <subfield code="b">nc</subfield>
    <subfield code="2">rdacarrier</subfield>
  </datafield>
  <datafield tag="504" ind1=" " ind2=" ">
    <subfield code="a">Incluye bibliograf&#xED;a</subfield>
  </datafield>
  <datafield tag="520" ind1=" " ind2=" ">
    <subfield code="a">Las 50 plantas que el autor rese&#xF1;a han sido indispensables en el desarrollo de la humanidad, desde los antiguos neum&#xE1;ticos de caucho natural, que acompa&#xF1;aron el nacimiento de la industria del autom&#xF3;vil, hasta el ma&#xED;z, la papa o el caf&#xE9;, que han sido fundamentales en la alimentaci&#xF3;n universal. Nos proporcionan los alimentos que comemos, los medicamentos que tomamos, el combustible que usamos y, por supuesto, el ox&#xED;geno que respiramos. Las plantas han sido indispensables para los seres humanos durante milenios y han tenido un impacto profundo, a menudo inesperado, en nuestra vida cotidiana</subfield>
    <subfield code="u">https://www.reynaranjo.net/libros/plantas-legendarias-segunda-edicion/</subfield>
  </datafield>
  <datafield tag="521" ind1=" " ind2=" ">
    <subfield code="a">Recomendado para un p&#xFA;blico mayor de 18 a&#xF1;os</subfield>
  </datafield>
  <datafield tag="650" ind1="0" ind2="7">
    <subfield code="a">Bot&#xE1;nica econ&#xF3;mica</subfield>
    <subfield code="2">lemb</subfield>
    <subfield code="9">319334</subfield>
  </datafield>
  <datafield tag="650" ind1="0" ind2="7">
    <subfield code="a">Etnobotanica</subfield>
    <subfield code="2">lemb</subfield>
    <subfield code="9">51106</subfield>
  </datafield>
  <datafield tag="650" ind1="0" ind2="7">
    <subfield code="a">Plantas comestibles</subfield>
    <subfield code="2">lemb</subfield>
    <subfield code="9">317874</subfield>
  </datafield>
  <datafield tag="650" ind1="0" ind2="7">
    <subfield code="a">Plantas medicinales</subfield>
    <subfield code="2">lemb</subfield>
    <subfield code="9">318954</subfield>
  </datafield>
  <datafield tag="700" ind1=" " ind2=" ">
    <subfield code="a">Hincapi&#xE9;, Juan Fernando</subfield>
    <subfield code="d">1978-</subfield>
    <subfield code="e">trl</subfield>
    <subfield code="9">164684</subfield>
  </datafield>
  <datafield tag="942" ind1=" " ind2=" ">
    <subfield code="2">ddc</subfield>
    <subfield code="c">BK</subfield>
  </datafield>
  <datafield tag="999" ind1=" " ind2=" ">
    <subfield code="c">16030</subfield>
    <subfield code="d">16030</subfield>
  </datafield>
  <datafield tag="952" ind1=" " ind2=" ">
    <subfield code="0">0</subfield>
    <subfield code="1">0</subfield>
    <subfield code="2">ddc</subfield>
    <subfield code="4">0</subfield>
    <subfield code="5">1</subfield>
    <subfield code="7">0</subfield>
    <subfield code="8">GEN</subfield>
    <subfield code="a">MUS</subfield>
    <subfield code="b">MUS</subfield>
    <subfield code="c">GEN</subfield>
    <subfield code="d">2025-11-13</subfield>
    <subfield code="e">Donaci&#xF3;n Min. Cultura 2025</subfield>
    <subfield code="i">NT</subfield>
    <subfield code="l">0</subfield>
    <subfield code="o">581 H17p</subfield>
    <subfield code="p">MUS000529</subfield>
    <subfield code="r">2025-11-13</subfield>
    <subfield code="t">Ej.1</subfield>
    <subfield code="w">2025-11-13</subfield>
    <subfield code="y">BK</subfield>
    <subfield code="z">Quince dias</subfield>
  </datafield>
</record>
